000 00752nam a22001937a 4500
008 230203s2022 xxk|||||o|||| 00| 0 eng d
041 _aeng
100 _aBichard, Michael
245 _aThe Bichard RICS Review
_h[Electronic resource]
260 _cJune 2022
520 _aRecommendations by Lord Bichard that will create greater clarity about RICS’ purpose, roles and responsibilities, improve accountability and increase engagement with members
650 _aRICS
651 _aInternational
690 _96277
_aRICS
700 _aBichard, Michael
710 _aRoyal Institution of Chartered Surveyors
856 _uhttps://www.rics.org/about-rics/corporate-governance/the-bichard-rics-review
_zAvailable free on RICS.org
942 _n0
999 _c121354
_d121354